- VERDAD Y MENTIRA
Entry Materia
001 - NÚMERO DE CONTROL DEL REGISTRO
- campo de control: 15546
003 - IDENTIFICADOR DE NUMERO DE CONTROL
- campo de control: UPN
005 - FECHA Y HORA DE LA ÚLTIMA TRANSACCIÓN
- campo de control: 20210219193837.0
008 - DATOS DE LONGITUD FIJA
- campo de control de longitud fija: nabaccnnaabn|||||||||| b |nc|||||d
035 ## - NÚMERO DE CONTROL DEL SISTEMA
- Número de control del sistema: UPN10000015554
040 ## - FUENTE DE LA CATALOGACIÓN
- Lengua de catalogación: SPA
- Agencia de transcripción: UPN
053 #4 - NÚMERO CLASIFICADOR - BIBLIOTECA DEL CONGRESO (LC)
- Elemento numérico de la clasificación - Número único o no. inicial del rango: BF637 T7.7
- Frase explicativa: Psicología aplicada
053 #4 - NÚMERO CLASIFICADOR - BIBLIOTECA DEL CONGRESO (LC)
- Elemento numérico de la clasificación - Número único o no. inicial del rango: BJ1420
- Elemento numérico de la clasificación - Número único o no. final del rango: BJ1428
- Frase explicativa: Etica
150 ## - ENCABEZAMIENTO - TEMÁTICO
- Término de materia o nombre geográfico como elemento inicial: VERDAD Y MENTIRA
450 ## - VÉASE - MATERIA
- Encabezamiento temático: Mentira
450 ## - VÉASE - MATERIA
- Encabezamiento temático: Veracidad y falsedad
550 ## - VÉASE ADEMÁS - MATERIA
- Encabezamiento temático o nombre geográfico como elemento de entrada: VERDAD
670 ## - FUENTE EN LA QUE SE LOCALIZARON DATOS
- Cita de la fuente: A/P
680 ## - NOTA GENERAL CON DESPLIEGUE PÚBLICO
- Texto explicativo: Usase para el conflicto moral entre la verdad y la mentira
902 ## - CATALOGADOR
- Catalogador: LG/291098
